|
|
|
|
| LEADER |
01328nam a2200313 a 4500 |
| 001 |
0017158 |
| 003 |
BD-DhAAL |
| 008 |
090706s1989 enk b 001 0 eng d |
| 010 |
|
|
|a \\\89005904
|
| 020 |
|
|
|a 0415039916
|
| 020 |
|
|
|a 0415039924 (pbk.)
|
| 040 |
|
|
|a DLC
|c DLC
|d DLC
|d OCoLC
|d DLC
|d BD-DhAAL
|
| 082 |
0 |
0 |
|a 809.39113
|2 21
|
| 100 |
1 |
|
|a Hutcheon, Linda,
|d 1947-
|9 58304
|
| 245 |
1 |
4 |
|a The politics of postmodernism /
|c Linda Hutcheon.
|
| 260 |
|
|
|a London ;
|a New York :
|b Routledge,
|c 1989.
|
| 300 |
|
|
|a x, 195 p. ;
|c 21 cm
|
| 490 |
1 |
|
|a New accents
|
| 504 |
|
|
|a Includes bibliographical references (p. [169]-188) and index.
|
| 526 |
|
|
|a ENH
|x Prof. Syed Manzoorul Islam
Faculty Member of BRAC University
|
| 541 |
1 |
|
|e 00017158
|a Friends' Book Corner
|
| 650 |
|
0 |
|a Fiction
|y 20th century
|x History and criticism.
|
| 650 |
|
0 |
|a Postmodernism.
|
| 650 |
|
0 |
|a Literature and photography.
|9 58305
|
| 830 |
|
0 |
|a New accents (Routledge (Firm))
|9 41240
|
| 852 |
4 |
|
|a Ayesha Abed Library
|c General Stacks
|
| 942 |
|
|
|2 ddc
|c BK
|
| 999 |
|
|
|c 2157
|d 2157
|
| 952 |
|
|
|0 0
|1 0
|2 ddc
|4 0
|6 809_391130000000000_HUT
|7 0
|9 1989
|a BRACUL
|b BRACUL
|c GEN
|d 2009-07-07
|e Friends' Book Corner
|g 1357.00
|l 12
|m 124
|o 809.39113 HUT
|p 3010017158
|r 2023-08-14
|s 2023-06-07
|t 1
|v 2704.00
|w 2009-07-07
|y BK
|x Requisitioned by Prof. Syed Manzoorul Islam (Faculty Member of BRAC University).
|